<?xml version="1.0" encoding="UTF-8"?>
<record
    xmlns:xsi="http://www.w3.org/2001/XMLSchema-instance"
    xsi:schemaLocation="http://www.loc.gov/MARC21/slim http://www.loc.gov/standards/marcxml/schema/MARC21slim.xsd"
    xmlns="http://www.loc.gov/MARC21/slim">

  <leader>00554nam a22001577a 4500</leader>
  <controlfield tag="008">150311b        xxu||||| |||| 00| 0 eng d</controlfield>
  <datafield tag="020" ind1=" " ind2=" ">
    <subfield code="a">8474329302</subfield>
  </datafield>
  <datafield tag="082" ind1=" " ind2=" ">
    <subfield code="a">384.54</subfield>
    <subfield code="b">W 776c</subfield>
  </datafield>
  <datafield tag="100" ind1=" " ind2=" ">
    <subfield code="a">Winocur, Rosal&#xED;a</subfield>
    <subfield code="9">2151</subfield>
  </datafield>
  <datafield tag="245" ind1=" " ind2=" ">
    <subfield code="a">Ciudadanos Medi&#xE1;ticos: La construcci&#xF3;n de lo p&#xFA;blico en la radio</subfield>
  </datafield>
  <datafield tag="260" ind1=" " ind2=" ">
    <subfield code="a">Barcelona</subfield>
    <subfield code="b">Editorial Gedisa S.A.</subfield>
    <subfield code="c">2002</subfield>
  </datafield>
  <datafield tag="300" ind1=" " ind2=" ">
    <subfield code="a">220 p.</subfield>
    <subfield code="c">22.5 cm</subfield>
  </datafield>
  <datafield tag="440" ind1=" " ind2=" ">
    <subfield code="a">Serie Culturas</subfield>
    <subfield code="9">1680</subfield>
  </datafield>
  <datafield tag="650" ind1=" " ind2=" ">
    <subfield code="x">Radiodifusi&#xF3;n- aspectos pol&#xED;ticos</subfield>
    <subfield code="x">Participaci&#xF3;n pol&#xED;tica</subfield>
    <subfield code="x">Ciudadan&#xED;a</subfield>
    <subfield code="x">M&#xE9;xico</subfield>
    <subfield code="9">2152</subfield>
  </datafield>
  <datafield tag="700" ind1=" " ind2=" ">
    <subfield code="a">Rosalia Winocur</subfield>
    <subfield code="9">2153</subfield>
  </datafield>
  <datafield tag="999" ind1=" " ind2=" ">
    <subfield code="c">446</subfield>
    <subfield code="d">446</subfield>
  </datafield>
  <datafield tag="952" ind1=" " ind2=" ">
    <subfield code="0">0</subfield>
    <subfield code="1">0</subfield>
    <subfield code="2">ddc</subfield>
    <subfield code="4">0</subfield>
    <subfield code="7">0</subfield>
    <subfield code="a">LV</subfield>
    <subfield code="b">LV</subfield>
    <subfield code="c">Pensamiento</subfield>
    <subfield code="d">2015-03-11</subfield>
    <subfield code="l">0</subfield>
    <subfield code="o">384.54 W 776c</subfield>
    <subfield code="p">000537</subfield>
    <subfield code="r">2015-03-11 00:00:00</subfield>
    <subfield code="w">2015-03-11</subfield>
    <subfield code="y">01</subfield>
  </datafield>
</record>
